| 000 | 01420nam a2200349Ia 4500 | ||
|---|---|---|---|
| 001 | ebr10171488 | ||
| 003 | CaPaEBR | ||
| 006 | m u | ||
| 007 | cr cn||||||||| | ||
| 008 | 061004s2007 enk sb 001 0 eng d | ||
| 010 | _z 2006050666 | ||
| 020 | _z9781403977854 (hbk.) | ||
| 020 | _z1403977852 (hbk.) | ||
| 040 |
_aCaPaEBR _cCaPaEBR |
||
| 035 | _a(OCoLC)648198866 | ||
| 050 | 1 | 4 |
_aJQ1844.A58 _bR84 2007eb |
| 082 | 0 | 4 |
_a306.2095357 _222 |
| 100 | 1 | _aRugh, Andrea B. | |
| 245 | 1 | 4 |
_aThe political culture of leadership in the United Arab Emirates _h[electronic resource] / _cAndrea B. Rugh. |
| 260 |
_aBasingstoke : _bPalgrave Macmillan, _c2007. |
||
| 300 | _a269 p. | ||
| 504 | _aIncludes bibliographical references and index. | ||
| 533 |
_aElectronic reproduction. _bPalo Alto, Calif. : _cebrary, _d2009. _nAvailable via World Wide Web. _nAccess may be limited to ebrary affiliated libraries. |
||
| 650 | 0 |
_aPolitical culture _zUnited Arab Emirates _xHistory. |
|
| 650 | 0 |
_aTribal government _zUnited Arab Emirates _xHistory. |
|
| 650 | 0 |
_aLeadership _zUnited Arab Emirates _xHistory. |
|
| 651 | 0 |
_aUnited Arab Emirates _xPolitics and government. |
|
| 651 | 0 |
_aUnited Arab Emirates _xHistory. |
|
| 655 | 7 |
_aElectronic books. _2local |
|
| 710 | 2 | _aebrary, Inc. | |
| 856 | 4 | 0 |
_uhttp://site.ebrary.com/lib/rucke/Doc?id=10171488 _zAn electronic book accessible through the World Wide Web; click to view |
| 999 |
_c248717 _d248717 |
||